04294cam a22005294i 4500003000900000005001700009008004100026020001500067020001800082035002000100040003300120049000900153082002300162100003900185245016900224264002800393300004000421336002100461337002500482338002300507490006400530504004000594504003400634505223100668526001002899526001002909526001002919526001002929526000802939526000802947526000802955526000802963526000802971526000802979526000802987650002802995650005003023650005403073910002803127942001403155949018803169994001403357596000603371999016103377980005503538952017103593PE-LiUPU20250731173027.0170626s2009 mau rb 001 0 eng d a9004175083 a9789004175082 a(Sirsi) a237813 aPE-LiUPUbspacPE-LiUPUerda aPRUA04a289.94094bW162221 aWährisch-Oblau, Claudia,eautor.14aThe missionary self-perception of Pentecostal/Charismatic church leaders from the global South in Europe :bbringing back the Gospel /cby Claudia Währisch-Oblau. 1aLeiden :bBrill,c2009. ax, 428 páginas ;c24 centimetros. atext2rdacontent aunmediated2rdamedia avolume2rdacarrier0 aGlobal Pentecostal and Charismatic studies,x1876-2247 ;v2 aBibliografía : páginas 409-423. aÍndices: páginas 425-428.0 aFollowing the call : expatriation narratives -- Theoretical framework : some considerations -- Intertwined call and expatriation narratives -- 'Circular stories' : how the call was realized after all -- 'Oscillating' narratives : how the call became clear over time -- Called after expatriation -- Struggling to understand call and expatriation -- Concluding remarks : intertwined call and expatriation narratives -- Expatriation as consequence of the call -- Independent charismatic missionaries : success stories -- Missionaries sent by Pentecostal churches -- Concluding remarks : expatriation as consequence of the call -- Pastoral call and expatriation not connected -- V.K. : for me it was so wonderful to go to Germany -- A.M., P.S., I.A. : asylum in Germany -- Spiritual interpretation instead of expatriation narrative -- Expatriation narratives : some final observations -- Being on a mission : the relationship to the outside world -- "What is your mission?" : observations from the short interviews -- Missionary practice : evangelizing Germans -- Street evangelism -- Tracts -- Gospel music -- Other means -- Conceptualizing evangelism in interdenominational dialogue : the long interviews -- Locating oneself globally : sent to the world -- Describing one's message -- Reflections on contextualization -- Imagining Germany and Europe -- Restoring a ruined church -- "Bringing back" the Gospel -- The German nation in the economy of salvation -- Territorial spirits -- Imagining Germany and Europe -- Conceptualizing evangelism in the global pentecostal/charismatic network : the 'spiritual warfare' paradigm -- Evangelism in the framework of spiritual warfare : the anglophone West African example -- Evangelism in the framework of 'spiritual warfare' : concretizations -- Evangelism, inculturation and clashing paradigms -- Consequences -- The current situation -- Dialogue fields : a description -- Ministerial authority -- Immigration -- Mission and evangelism -- Ecclesiology and the politics of difference : who defines Christianity in Europe? -- The functional question does a missionary self-image further or hinder integration? -- The theological question : are European churches ready to be evangelized? aSEG42 aSEG41 aSEG40 aSEG39 aP94 aP87 aP86 aP85 aP77 aP76 aP35 0aIglesias pentecostales. 7aTrabajo de iglesia.2fast0(OCoLC)fst00860973 7aIglesias pentecostales.2fast0(OCoLC)fst01057180 ajckbjvqcjpcd20170626 2ddccBOOK a289.92 W16wDEWEYc1i76410lCATALOGINGmBULp60.00r0sYtBOOKu2017-06-26xTEOLOGÍAzTEOLOGÍA0COMPRAo.CIRCNOTE. El documento es de alto precio.o.STAFF. Colección Teología aC0bPEPRU a1 a289.92 W16wDEWEYc24510i76410f2021-11-11g4lCCODEBUL1mBULp60.00r0sYtBOOKu2017-6-26xTEOLOGIAPP350DONACIONo.STAFF. Colección Teologíad24510 81gALBERTO SANCHEZ Responsable de Automatización r2025-12-02 00:00:00i5l0o289.92 W16p76410te1v65.00w2017-06-26xFTyBKzinventario-2023-12-13102ddc50708GENfP35aBULbBULcGENd2017-06-26eDONACIONg60.00